|
|
|
|
| LEADER |
00637nab a2200181 i 4500 |
| 001 |
acta13607 |
| 005 |
20210412114928.0 |
| 008 |
161015s1950 hu o 0|| ger d |
| 022 |
|
|
|a 0001-6969
|
| 040 |
|
|
|a SZTE Egyetemi Kiadványok Repozitórium
|b hun
|
| 041 |
|
|
|a ger
|
| 100 |
1 |
|
|a Péter Rózsa
|
| 245 |
1 |
4 |
|a Zum Begriff der rekursiven reellen Zahl.
|h [elektronikus dokumentum] /
|c Péter Rózsa
|
| 260 |
|
|
|c 1950
|
| 300 |
|
|
|a 239-245
|
| 490 |
0 |
|
|a Acta scientiarum mathematicarum
|v 12 No. A
|
| 695 |
|
|
|a Természettudomány, Matematika, Művelődés
|
| 856 |
4 |
0 |
|u http://acta.bibl.u-szeged.hu/13607/1/math_012_pars_a_239-245.pdf
|z Dokumentum-elérés
|